| 000 | 00523nam a22001817a 4500 | ||
|---|---|---|---|
| 003 | OSt | ||
| 005 | 20250814125848.0 | ||
| 008 | 250814b |||||||| |||| 00| 0 eng d | ||
| 020 | _a0471661805 | ||
| 040 | _cChuka University Library | ||
| 100 |
_aKieso, E. Donald ,Weygandt J. Jerry and Warfield D. Terry _921410 |
||
| 245 | _aIntermediate Accounting | ||
| 250 | _a11th ed | ||
| 260 |
_aPalatino ,USA _bJohn Wiley and Sons _c2005 |
||
| 300 | _a1331p. | ||
| 650 |
_a1.Accounting.....Textbooks _919691 |
||
| 942 |
_2lcc _cBK _n0 |
||
| 999 |
_c20483 _d20483 |
||